|
|
|
|
| LEADER |
02196nam a2200517 a 4500 |
| 001 |
nkc20132497665 |
| 003 |
CZ PrNK |
| 005 |
20131119093530.0 |
| 007 |
ta |
| 008 |
130917s2013 xr e p 000 0 eng |
| 015 |
|
|
|a cnb002497665
|
| 020 |
|
|
|a 978-80-7375-790-8
|q (brož.)
|
| 035 |
|
|
|a (OCoLC)862713121
|
| 040 |
|
|
|a ABA001
|b cze
|d OLA001
|
| 043 |
|
|
|a e-xr---
|
| 072 |
|
7 |
|a 657
|x Účetnictví
|2 Konspekt
|9 4
|
| 072 |
|
7 |
|a 37.016
|x Učební osnovy. Vyučovací předměty. Učebnice
|2 Konspekt
|9 22
|
| 080 |
|
|
|a 657
|2 MRF
|
| 080 |
|
|
|a 336.22
|2 MRF
|
| 080 |
|
|
|a (437.3)
|2 MRF
|
| 080 |
|
|
|a (075.8)
|2 MRF
|
| 100 |
1 |
|
|a Solilová, Veronika
|7 jo2013782205
|4 aut
|
| 245 |
1 |
4 |
|a The Czech accounting and taxation :
|b textbook for students of the study Specialized Seminary Tax and Accounting, and programs in English /
|c Veronika Solilová
|
| 246 |
3 |
0 |
|a Textbook for students of the study Specialized Seminary Tax and Accounting, and programs in English
|
| 250 |
|
|
|a 1st issue
|
| 260 |
|
|
|a Brno :
|b Mendel University in Brno,
|c 2013
|
| 300 |
|
|
|a 180 s. ;
|c 30 cm
|
| 500 |
|
|
|a Na obálce nad názvem: Provozně ekonomická fakulta
|
| 500 |
|
|
|a 230 výt.
|
| 504 |
|
|
|a Obsahuje bibliografii a bibliografické odkazy
|
| 650 |
0 |
7 |
|a účetnictví
|7 ph116911
|z Česko
|2 czenas
|
| 650 |
0 |
7 |
|a daně
|7 ph114293
|z Česko
|2 czenas
|
| 650 |
0 |
9 |
|a accounting
|z Czechia
|2 eczenas
|
| 650 |
0 |
9 |
|a taxation
|z Czechia
|2 eczenas
|
| 655 |
|
7 |
|a učebnice vysokých škol
|7 fd133772
|2 czenas
|
| 655 |
|
9 |
|a textbooks (higher)
|2 eczenas
|
| 710 |
2 |
|
|a Mendelova univerzita.
|b Provozně ekonomická fakulta
|7 kn20100419009
|
| 910 |
2 |
|
|a BOA001
|b 4-1313.150
|
| 928 |
9 |
|
|a Mendelova univerzita v Brně
|
| 990 |
|
|
|a BK
|
| 995 |
|
|
|a 01
|
| 991 |
|
|
|b 201310
|c NOV
|j 657 SOL
|e n
|
| 996 |
6 |
|
|b 2610564857
|c 4-1313.150
|l MZK
|r Sklad / do 1 hodiny
|n 1
|p p.v.
|w 001368572
|u 000010
|a 1
|e BOA001
|j MZK50
|s P
|
| 996 |
7 |
|
|b 2610564858
|c 4-1313.150
|l MZK
|r Sklad / do 1 hodiny
|n 4
|p p.v.
|w 001368572
|u 000020
|a 1
|e BOA001
|j MZK50
|s A
|
| 996 |
7 |
|
|b 2610569160
|c 4-1313.150
|l MZK
|r Sklad / do 1 hodiny
|n 2
|p kup
|w 001368572
|u 000030
|a 1
|e BOA001
|j MZK50
|s A
|
| 996 |
7 |
|
|b 2610569161
|c 4-1313.150
|l MZK
|r Sklad / do 1 hodiny
|n 3
|p kup
|w 001368572
|u 000040
|a 1
|e BOA001
|j MZK50
|s A
|